000 01220nam a2200373 i 4500
001 44639
003 KOSZ 005
005 20220923134639.0
008 040405s2004 pl a f |000 0 pol
015 _aPB 2004/6979
020 _a8386990783
040 _aWA N
_cWA N
_dKOSZ 005/HR
041 0 _apol
080 _a658.14/.17
080 _a 330.322.5
100 1 _aManikowski, Arkadiusz
_eAutor
245 1 0 _aMetody oceny projektów gospodarczych /
_cArkadiusz Manikowski, Zbigniew Tarapata.
250 _aWyd. 2 popr. i uzup.
260 _aWarszawa :
_bWyższa Szkoła Ekonomiczna,
_c2004.
300 _a203 s. :
_brys., tab., wykr. ;
_c24 cm.
336 _2rdacontent
_aTekst
_btxt
337 _2rdamedia
_aBez urządzenia pośredniczącego
_bn
338 _2rdacarrier
_aWolumin
_bnc
380 _aKsiążki
388 _a2001-
504 _aBibliogr. s. 201-203.
650 4 _aFinanse przedsiębiorstwa
650 4 _aInwestycje
650 4 _aProjekty
658 _aGospodarka, ekonomia, finanse
700 1 _aTarapata, Zbigniew
_eAutor
856 _uhttp://koha.tu.koszalin.pl/cgi-bin/koha/opac-detail.pl?biblionumber=44639
_yKatalog online BPK
942 _2UKD
_cKS
999 _c44639
_d44639